00571nam a2200157Ia 450000500170000000800410001704000700005804100080012808200180013610000300015424500760018426000670026030000180032750000190034560000490036420240718121306.0130821s1955 ck gr dspa  aCo-BoUCMbspacSandra Yazo (modificó)dSandra Yazo (modificó) aspa a923.186bS81b aBlair Gutierrez, Bernardo aDon Marco Fidel Suárez, su vida y su obracBernardo Blair Gutiérrez aMedellín (Antioquia, Colombia)bEd. Univ. de Antioquiac1955 a317 páginas aBibliografía aSuarez, Marco Fideld1855-1927vBiografías